000 00738nam a2200229 a 4500
001 000023323
005 20200930022135.0
008 101202s1990 sp a r 000 0 spa d
020 _a8478200673
040 _aDO-SdBNP
_bspa
_cBNPHU
082 _a861.64
_bG922a
100 1 _aGúdel, Guillermo
_948033
245 1 0 _aAsiduo ofrecimiento hasta el olvido /
_cGuillermo Gúdel.
260 _aZaragoza, España :
_binstitución Fernándo el Católico,
_c1990.
300 _a67 p. :
_bil., retrs. ;
_c25 cm.
490 1 _aSan Jorge ;
_v59
500 _aIncluye referencia biográfica del autor en la solapa
650 4 _aPoesía española
_9631
650 4 _aLiteratura española
_9632
830 0 _aSan Jorge ;
_n59
_948034
049 _aBNGR
999 _c22820
_d22820